| 000 | 00000nam 2200000zi 4500 |
| 001 | 9.899010 |
| 003 | CaOODSP |
| 005 | 20221107175012 |
| 006 | m o d f |
| 007 | cr |n||||||||| |
| 008 | 210421t20162016oncd ob f|0| 0 fre d |
| 040 | |aCaOODSP|bfre|erda|cCaOODSP |
| 043 | |an-cn--- |
| 086 | 1 |aEn37-464/2016F-PDF |
| 100 | 1 |aRainville, François, |eauteur. |
| 245 | 10|aManuel d’hydrométrie – calculs des données : |bélaboration et gestion des courbes de tarage / |c[F. Rainville, D. Hutchinson, A. Stead, D. Moncur, D. Elliott]. |
| 264 | 1|a[Ottawa] : |bGouvernment du Canada = Government of Canada, |c2016. |
| 264 | 4|c©2016 |
| 300 | |a1 ressource en ligne (36 pages) : |bgraphiques |
| 336 | |atexte|btxt|2rdacontent/fre |
| 337 | |ainformatique|bc|2rdamedia/fre |
| 338 | |aressource en ligne|bcr|2rdacarrier/fre |
| 500 | |aPublié aussi en anglais sous le titre : Hydrometric manual – data computations: stage-discharge model development and maintenance. |
| 500 | |a« qSOP-NA049-01-2016. » |
| 504 | |aComprend des références bibliographiques (pages 35-36). |
| 520 | |a« Les courbes de tarage sont des relations servant à modéliser le débit en fonction d’une ou de plusieurs variables. Le présent document a pour but de montrer au technologue comment élaborer et gérer des modèles hauteur-débit simples. Le document n’aborde pas les techniques requises pour élaborer des modèles de tarage complexes, mais il présente les critères permettant d’identifier les cas où ces techniques sont nécessaires »--page 7. |
| 650 | 6|aMesures hydrodynamiques|vGuides, manuels, etc. |
| 655 | 7|aGuides et manuels|2rvmgf |
| 710 | 1 |aCanada. |bDivision des relevés hydrologiques du Canada, |eorganisme de publication. |
| 710 | 1 |aCanada. |bEnvironnement et changement climatique Canada, |eorganisme de publication. |
| 775 | 08|tHydrometric manual - data computations : |w(CaOODSP)9.898971 |
| 856 | 40|qPDF|s1.17 Mo|uhttps://publications.gc.ca/collections/collection_2021/eccc/en37/En37-464-2016-fra.pdf |